LEADER 01034nam a22002531i 4500 001 991003263159707536 005 20040525133017.0 008 040802s1979 it a||||||||||||||||ita 035 $ab13049252-39ule_inst 035 $aARCHE-100186$9ExL 040 $aBiblioteca Interfacoltà$bita$cA.t.i. Arché s.c.r.l. Pandora Sicilia s.r.l. 082 04$a759.01 100 1 $aDjuric, Vojislav$0488824 245 10$aDe la nature de l'ancienne peinture Serbe /$cVojislav Djuric 260 $aGalatina :$bCongedo,$c1979 300 $aP. 139-159 :$bill. ;$c24 cm 500 $aEstr. da: Le aree omogenee della civiltà rupestre nell'ambito dell'Impero bizantino : la Serbia 650 4$aPittura$zSerbia 907 $a.b13049252$b02-04-14$c05-08-04 912 $a991003263159707536 945 $aLE002 Busta 205/16$g1$i2002000914897$lle002$nC. 1$o-$pE0.00$q-$rl$s- $t0$u0$v0$w0$x0$y.i13673312$z05-08-04 996 $aDe la nature de l'ancienne peinture Serbe$9286595 997 $aUNISALENTO 998 $ale002$b05-08-04$cm$da $e-$fita$git $h0$i1 LEADER 01632nas 2200505- 450 001 9910135861203321 005 20260218112609.0 011 $a0717-6333 035 $a(DE-599)ZDB2113750-X 035 $a(CKB)110979839329365 035 $a(CONSER)---49015376- 035 $a(DE-599)2113750-X 035 $a(EXLCZ)99110979839329365 100 $a20790705b19442007 --- b 101 0 $aspa 181 $ctxt$2rdacontent 182 $cc$2rdamedia 183 $acr$2rdacarrier 200 00$aAgricultura técnica 210 $aSantiago, Chile $cMinisterio de Agricultura 215 $a1 online resource 300 $aRefereed/Peer-reviewed 311 08$aPrint version: Agricultura técnica. 0365-2807 (DLC) 49015376 (OCoLC)5139410 531 0 $aAgric. tec. 606 $aAgriculture$vPeriodicals 606 $aAgriculture$zChile$vPeriodicals 606 $aAgriculture$2fast$3(OCoLC)fst00801355 606 $aAGRICULTURA$xPUBLICACIONES PERIODICAS$2renib 606 $aAGRICULTURA$zCHILE$xPUBLICACIONES PERIODICAS$2renib 607 $aChile$2fast 608 $aPeriodicals.$2fast 615 0$aAgriculture 615 0$aAgriculture 615 7$aAgriculture. 615 7$aAGRICULTURA$xPUBLICACIONES PERIODICAS. 615 7$aAGRICULTURA$xPUBLICACIONES PERIODICAS. 676 $a630.5 712 02$aChile.$bDireccio?n General de Agricultura. 712 02$aInstituto de Investigaciones Agropecuarias. 712 02$aChile.$bMinisterio de Agricultura. 906 $aJOURNAL 912 $a9910135861203321 920 $aexl_impl conversion 996 $aAgricultura tecnica$9801836 997 $aUNINA